• 首页
  • 本馆介绍
  • 公告通知
  • 最新文献
  • 馆藏检索
  • 电子资源
  • 读者导购
  • 参考咨询
  • 我的图书馆
  • 登录
  • 详细信息显示
  • 放入我的书架
  • 预约/预借图书
  • 作者相关作品
  • 分类相关作品
  • 丛书相关作品
  • 出版社相关作品

书目信息

  • 表格格式
  • 工作单格式
  • 卡片格式
题名:
白宫岁月
    
 
作者: 基辛格 , Kissinger 著 ;陈瑶华 译
分册: 第一册  
出版信息: 北京   世界知识出版社  1980
页数: 4册
开本: 21cm
丛书名:
单 册:
中图分类: K837.127.5 , K837.12
科图分类:
主题词:
电子资源:
ISBN:
000 00976nam0 2200325 450
001 1551973938
005 20150117142706.60
010    @dCNY1.90
091    @a3003.1612(1)
091    @a3003.1613(2)
091    @a3003.1614(3)
091    @a3003.1615(4)
100    @a19950424d1980 em y0chiy0110 ea
101 1  @achi@ceng
102    @aCN@b110000
105    @ac z 000yy
200 1  @a白宫岁月@9bai gong sui yue@e基辛格回忆录@h第一册@f(美)基辛格(H. Kissinger)著@g陈瑶华等译
210    @a北京@c世界知识出版社@d1980
215    @a4册@c照片@d21cm
300    @a书名原文:White House years
510 1  @aWhite House years@zeng
600  1 @a基辛格@c(Kissinger, Henry A.)@x回忆录
600  1 @2CT@3S035656@a基辛格@c(Kissinger, Henry A.)
690    @aK837.127.5@v5
690    @aK837.12@v4
701  1 @a基辛格@9ji xin ge@bH.@4著
701  1 @aKissinger@bH.@4著
702  0 @a陈瑶华@9chen yao hua@4译
801  0 @aCN@bTSSF@c20150117
905    @aZUCC@dK837.12@eJY13:1
    
    白宫岁月:基辛格回忆录.第一册/(美)基辛格(H. Kissinger)著/陈瑶华等译.-北京:世界知识出版社,1980
    4册:照片;21cm
    书名原文:White House years
    
    ISBN :CNY1.90
    
●
相关链接 在E读中查询图书 在五车中查询图书 在当当中查询图书 在豆瓣中查询图书


正题名:白宫岁月     索取号:K837.12/JY13:1         预约/预借

序号 登录号 条形码 馆藏地/架位号 状态 备注
1 7852676   278526766   学院路分馆/ [索取号:K837.12/JY13:1] 在馆    
2 7852677   278526775   学院路分馆/ [索取号:K837.12/JY13:1] 在馆    
3 7852678   278526784   学院路分馆/ [索取号:K837.12/JY13:1] 在馆    
4 7852681   278526819   学院路分馆/ [索取号:K837.12/JY13:1] 在馆    
5 7852682   278526828   学院路分馆/ [索取号:K837.12/JY13:1] 在馆    
6 7852683   278526837   学院路分馆/ [索取号:K837.12/JY13:1] 在馆    
唐山师范学院图书馆 欢迎您!
大连网信软件有限公司© 版权所有